<?xml version="1.0" encoding="UTF-8"?><?xml-stylesheet type="text/xsl" href="static/style.xsl"?><OAI-PMH xmlns="http://www.openarchives.org/OAI/2.0/" xmlns:xsi="http://www.w3.org/2001/XMLSchema-instance" xsi:schemaLocation="http://www.openarchives.org/OAI/2.0/ http://www.openarchives.org/OAI/2.0/OAI-PMH.xsd"><responseDate>2026-04-17T04:08:53Z</responseDate><request verb="GetRecord" identifier="oai:www.recercat.cat:10256/16172" metadataPrefix="marc">https://recercat.cat/oai/request</request><GetRecord><record><header><identifier>oai:recercat.cat:10256/16172</identifier><datestamp>2024-06-06T08:06:25Z</datestamp><setSpec>com_2072_452966</setSpec><setSpec>com_2072_2054</setSpec><setSpec>col_2072_452969</setSpec></header><metadata><record xmlns="http://www.loc.gov/MARC21/slim" xmlns:dcterms="http://purl.org/dc/terms/" xmlns:xsi="http://www.w3.org/2001/XMLSchema-instance" xmlns:doc="http://www.lyncode.com/xoai" xsi:schemaLocation="http://www.loc.gov/MARC21/slim http://www.loc.gov/standards/marcxml/schema/MARC21slim.xsd">
   <leader>00925njm 22002777a 4500</leader>
   <datafield ind2=" " ind1=" " tag="042">
      <subfield code="a">dc</subfield>
   </datafield>
   <datafield ind2=" " ind1=" " tag="720">
      <subfield code="a">Trias Díaz, Clàudia</subfield>
      <subfield code="e">author</subfield>
   </datafield>
   <datafield ind2=" " ind1=" " tag="260">
      <subfield code="c">2018-06</subfield>
   </datafield>
   <datafield ind2=" " ind1=" " tag="520">
      <subfield code="a">El propósito de este proyecto consiste en el desarrollo de un plan de acciones para la asociación de ostricultores de la comunidad de Palatéia (Brasil) con la finalidad de fomentar el desarrollo sostenible de comunidades en situación de pobreza e identificar cuáles son los factores de éxito para esta iniciativa. Para ello, se plantea una observación metódica de la comunidad, así como la aplicación de diferentes herramientas de colecta de información, como los cuestionarios y las entrevistas para obtener una visión y comprensión global de la y posteriormente enfatizando la actividad turística que se desarrolla en ella. Después en exhaustivo proceso de análisis de la comunidad, se proponen una serie de programas de actuación que fomentan la adopción de prácticas sostenibles y la mejora de la competitividad del producto turístico ofrecido por la comunidad</subfield>
   </datafield>
   <datafield ind2=" " ind1=" " tag="520">
      <subfield code="a">The purpose of this project is to develop a strategic plan for the ostriches association in the rural village of Palatéia (Brazil), in order to foment a sustainable tourism of those communities in risk of poverty and to identify which are de key factors for its success.  For that, a methodical observation of the community and the application of different data collection tools, such as surveys and interviews, are posed to provide a global vision of the community situation and later, to emphasize the tourist context.  After a thorough analysis process, a serial of programs are suggested in order to promote the adoption of sustainable practices and to improve the competitiveness of the tourist product offered</subfield>
   </datafield>
   <datafield ind1="8" ind2=" " tag="024">
      <subfield code="a">http://hdl.handle.net/10256/16172</subfield>
   </datafield>
   <datafield tag="653" ind2=" " ind1=" ">
      <subfield code="a">Turisme sostenible -- Brasil -- Barra de São Miguel</subfield>
   </datafield>
   <datafield tag="653" ind2=" " ind1=" ">
      <subfield code="a">Sustainable tourism -- Brazil -- Barra de São Miguel</subfield>
   </datafield>
   <datafield ind2="0" ind1="0" tag="245">
      <subfield code="a">El turismo de base comunitaria en el poblado de Palatéia (Brasil): una herramienta para el desarrollo sostenible</subfield>
   </datafield>
</record></metadata></record></GetRecord></OAI-PMH>